00847nam a22002297a 450000500170000001000150001702000260003203500140005803700090007208200080008110000300008924500700011925000190018926000590020827000750026730000200034265000290036270000320039194200220042399900190044595201530046420240618153820.0 aENG-140628 a9788119896868c775.00 aEN-124160 aDBAD a320 aTripathi, Pradyumn967571 aNTA UGC NET SET JRF Political science paper 2/cPradyumn Tripathi aSecond edition aNoidabPearson India Education Services Pvt. Ltdc2024 a1st Floor, Berger Tower, Plot No. C-001A/2, Sector 16B,bNoidae201301 aVp.c25 cm (pb) aPolitical Science967572 aTripathi , Pradyumn 967089 2ddccENh320mTRI c203628d203628 001040708NFICaLbLd2024-06-18eDBADg775.00l16m16o320 TRIpEN-124160q2026-06-16r2026-06-02 15:24:25s2026-06-02t1v775.00w2024-06-18yEN